[Event "Rhein Main op-B 22nd"]
[Site "Bad Homburg"]
[Date "2019.06.20"]
[Round "3"]
[White "Weirich, Eric"]
[Black "Tracy, Eliszabeth"]
[Result "1/2-1/2"]
[WhiteElo "1721"]
[BlackElo "1449"]
[PlyCount "129"]
[EventDate "2019.06.19"]
[EventType "swiss"]
[EventRounds "7"]
[EventCountry "GER"]
[SourceTitle "EXT 2020"]
[Source "ChessBase"]
[SourceDate "2019.10.17"]
[SourceVersion "1"]
[SourceVersionDate "2019.10.17"]
[SourceQuality "1"]

1. d4 d5 2. Nf3 e6 3. Bf4 Nf6 4. Nbd2 c5 5. c3 Nc6 6. e3 Bd6 7. Ne5 Bxe5 8. Bxe5 Nxe5 9. dxe5 Nd7 10. f4 b6 11. Qg4 Rg8 12. Bd3 g6 13. Nf3 Qe7 14. h4 Bb7 15. h5 0-0-0 16. hxg6 hxg6 17. Ng5 c4 18. Bc2 Nc5 19. Rh7 Rdf8 20. 0-0-0 a5 21. Qe2 b5 22. e4 b4 23. cxb4 axb4 24. exd5 Bxd5 25. Ne4 Nxe4 26. Bxe4 Qc5 27. Bxd5 exd5 28. e6 Qc6 29. e7 Re8 30. Rxf7 Qd6 31. Qe3 Rh8 32. Re1 d4 33. Qe6+ Qxe6 34. Rxe6 Rh1+ 35. Kd2 Rf1 36. Rc6+ Kd7 37. Rxc4 Rf2+ 38. Kd3 Rxb2 39. Rxd4+ Ke6 40. Rf8 Kxe7 41. Rxe8+ Kxe8 42. g4 Rxa2 43. Rxb4 Rg2 44. g5 Kf7 45. Rb6 Rg4 46. Ke4 Rg1 47. Rf6+ Kg7 48. Ke5 Re1+ 49. Kd6 Re4 50. Kd5 Re7 51. Re6 Ra7 52. Rd6 Ra5+ 53. Ke4 Ra4+ 54. Ke5 Ra5+ 55. Rd5 Ra7 56. Ke6 Ra6+ 57. Rd6 Ra7 58. f5 gxf5 59. Kxf5 Rf7+ 60. Rf6 Rxf6+ 61. gxf6+ Kf7 62. Ke5 Kf8 63. Ke6 Ke8 64. f7+ Kf8 65. Kf6 1/2-1/2